Les sociétés d'Europe du XXe au XXIe siècle : La fin de la modernité européenne ? (notice n° 2118977)
[ vue normale ]
| 000 -LEADER | |
|---|---|
| fixed length control field | 01539cam a2200145 4500500 |
| 005 - DATE AND TIME OF LATEST TRANSACTION | |
| control field | 20260405015908.0 |
| 041 ## - LANGUAGE CODE | |
| Language code of text/sound track or separate title | fre |
| 042 ## - AUTHENTICATION CODE | |
| Authentication code | dc |
| 100 10 - MAIN ENTRY--PERSONAL NAME | |
| Personal name | Therborn, Göran |
| Relator term | author |
| 245 00 - TITLE STATEMENT | |
| Title | Les sociétés d'Europe du XXe au XXIe siècle : La fin de la modernité européenne ? |
| 260 ## - PUBLICATION, DISTRIBUTION, ETC. | |
| Name of publisher, distributor, etc. | Armand Colin,<br/> |
| Date of publication, distribution, etc. | 2009.<br/> |
| 520 ## - SUMMARY, ETC. | |
| Summary, etc. | Comment faire la sociologie de l’Europe ? Comment a-t-elle évolué au cours de la seconde moitié du XXe siècle ? Qu’est-ce qui la relie au reste du monde ? Où va-t-elle en ce début de XXIe siècle ? En développant une sociologie comparative et historique des sociétés européennes à partir de l’analyse de données macrosociologiques, économiques, géographiques et culturelles, Göran Therborn présente une image inédite de la réalité sociale du continent, de sa diversité et de ses dynamiques de transformation de 1945 à nos jours. L’« Europe » n’est pas confinée ici à sa partie occidentale, et encore moins à la seule Union européenne, mais s’étend de l’Atlantique à l’Oural. À travers le croisement systématique des destinées de l’Europe de l’Ouest et de l’Est, avant, pendant et après la période communiste, cet ouvrage fondamental, véritable manuel de sociologie générale et comparative, interroge la trajectoire et la signification de la modernité européenne. |
| 700 10 - ADDED ENTRY--PERSONAL NAME | |
| Personal name | Zagrodzki, Mathieu |
| Relator term | author |
| 856 41 - ELECTRONIC LOCATION AND ACCESS | |
| Uniform Resource Identifier | <a href="https://shs.cairn.info/les-societes-d-europe-du-xxe-au-xxie-siecle--9782200246280?lang=fr&redirect-ssocas=7080">https://shs.cairn.info/les-societes-d-europe-du-xxe-au-xxie-siecle--9782200246280?lang=fr&redirect-ssocas=7080</a> |
Pas d'exemplaire disponible.




Réseaux sociaux